LEADER 01006nam a2200241 i 4500 001 000000168302 003 CaOOAMICUS 005 20080108000000.0 008 080108n it u000 u ita u 013 $a145704 040 $aSeMil$bita 245 10$aDopo l'Anno Mille :$bil Romanico nella Valle Padana /$cA cura di Attilio Bertolucci. 260 $aMilano :$bAmilcare Pizzi,$c[19--?] 300 $a154 p. :$briccamente ill. ;$c33 cm. 500 $aFondo Card. Giovanni Colombo. 650 4$aArchitettura romanica - Italia settentrionale.$0(OLS)http://semarc/subject/32071 700 1 $aBertolucci, Attilio,$d<1911-2000>.$0(OLS)http://semarc/name/6821 850 $aSeMil 852 $aSeMil$W1$xVenegono$y1$m5U X 17$j119389$B119389$CSeMilBibl$Z2$F130278 $8I 941 1 $a3 961 $aLascito: Colombo Card. Giovanni 996 $6245$aDopo l'Anno Mille :$bil Romanico nella Valle Padana$9(OLS)http://semarc/title/240792 996 $6260$aMilano :$bAmilcare Pizzi$9(OLS)http://semarc/publisher/32444 LEADER 00996nam a2200241 i 4500 001 000000110576 003 CaOOAMICUS 005 20181009130031.0 008 021206s1950 it u000 u ita u 013 $a83257 040 $aSeMil$bita 100 1 $aDeledda, Grazia,$d<1871-1936>.$0(OLS)http://semarc/name/8025 245 10$aCanne al vento e pagine di altri romanzi /$cGrazia Deledda ; a cura di Dino Provenzal. 260 $aMilano :$bEdizioni scolastiche Mondadori,$c1950. 300 $a446 p. ;$c22 cm. 490 0 $aL'airone ;$v9 700 1 $aProvenzal, Dino.$0(OLS)http://semarc/name/11887 830 2$aL'airone ;$v9.$0(OLS)http://semarc/title/41808 850 $aSeMil 852 $aSeMil$W1$xVenegono$y1$m1A II 220$j212141$B225509$CSeMilBibl$Z2$F225509 $81 996 $6245$aCanne al vento e pagine di altri romanzi$9(OLS)http://semarc/title/160748 996 $6260$aMilano :$bEdizioni scolastiche Mondadori$9(OLS)http://semarc/publisher/38637